[Event "Championnat de France 2022"]
[Site "ALBI"]
[Date "2022.08.14"]
[Round "2.1"]
[White "Sauvan, Didier"]
[Black "Girard, Francois"]
[Result "1/2-1/2"]
[WhiteElo "1443"]
[BlackElo "1581"]
[PlyCount "53"]
[EventDate "2022.??.??"]

1. Nf3 {2} d5 {7} 2. c4 {6} c6 {13} 3. g3 {12} Nf6 {20} 4. Bg2 {4} e6 {73} 5.
b3 {16} Nbd7 {106} 6. O-O {34} Be7 {174} 7. d4 {10} Nb6 {48} 8. Nbd2 {114} O-O
{169} 9. Bb2 {126} Ne4 {141} 10. Qc2 {379} Nxd2 {85} 11. Nxd2 {13} a5 12. e4 {
285} dxe4 {134} 13. Nxe4 {12} Nd7 {121} 14. Rad1 {236} Nf6 {219} 15. d5 {1482}
exd5 {300} 16. cxd5 {183} cxd5 {65} 17. Nxf6+ {65} Bxf6 {9} 18. Bxd5 {15} Qb6 {
196} 19. Ba3 {397} Re8 {198} 20. Bc4 {472} Bh3 {318} 21. Rd6 {315} Qa7 {173}
22. Rfd1 {72} Rac8 {81} 23. Qd3 {271} b6 {219} 24. Qf3 {62} Be6 {483} 25. Bb5 {
185} Red8 {42} 26. Rxd8+ {85} Rxd8 {8} 27. Rxd8+ {10} 1/2-1/2

[Event "Championnat de France 2022"]
[Site "ALBI"]
[Date "2022.08.14"]
[Round "2.2"]
[White "Texier, Cesar"]
[Black "Bendahan, Isaac"]
[Result "1-0"]
[WhiteElo "1551"]
[BlackElo "1438"]
[PlyCount "67"]
[EventDate "2022.??.??"]

1. e4 {3} c5 {6} 2. Nf3 {7} e6 {7} 3. c3 {56} Nf6 {154} 4. Bd3 {212} Nc6 {161}
5. Bc2 {40} d5 {105} 6. exd5 {397} exd5 {86} 7. d4 {15} cxd4 {122} 8. Nxd4 {22}
Be7 {121} 9. O-O {48} O-O {26} 10. Re1 {433} Bd6 {656} 11. Bg5 {391} h6 {263}
12. Bh4 {39} Ne5 {623} 13. Nd2 {404} Bg4 {230} 14. f3 {72} Bh5 {108} 15. Nf1 {
197} Bg6 {302} 16. Ne3 {182} Bxc2 {743} 17. Qxc2 {220} Ng6 {90} 18. Bxf6 {1278}
Qxf6 {12} 19. Ng4 {276} Qg5 {131} 20. Qf5 {65} Qxf5 {112} 21. Nxf5 {17} Bc5+ {
78} 22. Kf1 {21} Nf4 {153} 23. Rad1 {162} Rad8 {165} 24. g3 {417} Ne6 {58} 25.
b4 {40} h5 {322} 26. Ne5 {22} Bd6 {356} 27. Rxd5 {86} Bc7 {32} 28. Ne7+ {77}
Kh7 {27} 29. Nd7 {52} g6 {115} 30. Nxf8+ {47} Rxf8 {14} 31. Rd7 {52} a5 {177}
32. Rxe6 {44} fxe6 {44} 33. Rxc7 {8} Rxf3+ {5} 34. Ke2 {17} 1-0

[Event "Championnat de France 2022"]
[Site "ALBI"]
[Date "2022.08.14"]
[Round "2.3"]
[White "Roche, Philippe"]
[Black "Brochet, Thierry"]
[Result "1-0"]
[WhiteElo "1548"]
[BlackElo "1437"]
[PlyCount "69"]
[EventDate "2022.??.??"]

1. e4 {5} c5 {19} 2. Nf3 {17} a6 {26} 3. c4 {40} Nc6 {125} 4. d4 {45} cxd4 {54}
5. Nxd4 {10} Nf6 {137} 6. Nc3 {104} d6 {61} 7. Be2 {19} e6 {229} 8. O-O {42}
Be7 {122} 9. Be3 {62} Qc7 {144} 10. Qd2 {36} e5 {208} 11. Nb3 {257} Ng4 {321}
12. Bxg4 {398} Bxg4 {55} 13. Nd5 {19} Qd8 {85} 14. Bb6 {116} Qc8 {203} 15. Nc7+
{131} Kd7 {20} 16. Nxa8 {82} Qxa8 {25} 17. f3 {221} Be6 {18} 18. c5 {41} Bxb3 {
151} 19. axb3 {111} Nd4 {24} 20. Qd3 {145} dxc5 {108} 21. Qc4 {245} Kc6 {240}
22. Ba5 {124} b6 {125} 23. Bc3 {145} Rd8 {398} 24. Qxf7 {272} Bf6 {47} 25. b4 {
329} Rd7 {30} 26. Qc4 {48} b5 {33} 27. Qxc5+ {68} Kb7 {25} 28. Rfd1 {279} Qd8 {
50} 29. Bxd4 {361} exd4 {35} 30. Rac1 {199} d3 {40} 31. Qc6+ {119} Ka7 {79} 32.
Ra1 {153} Bd4+ {55} 33. Kf1 {277} Bb6 {29} 34. Rxa6+ {83} Kxa6 {52} 35. Ra1# {
Bd4 Kg1# 11 78 24} 1-0

[Event "Championnat de France 2022"]
[Site "ALBI"]
[Date "2022.08.14"]
[Round "2.4"]
[White "Loquet, Adam"]
[Black "Romagne, Thomas"]
[Result "1-0"]
[WhiteElo "1544"]
[BlackElo "1432"]
[PlyCount "50"]
[EventDate "2022.??.??"]

1. d4 Nf6 {7} 2. c4 {5} g6 {5} 3. Nc3 {5} d5 {11} 4. Bf4 {11} Bg7 {18} 5. e3 {
21} O-O {12} 6. Nf3 {25} c5 {39} 7. dxc5 {549} Qa5 {349} 8. Rc1 {347} Ne4 {521}
9. Qb3 {666} Nxc3 {1298} 10. bxc3 {33} dxc4 {183} 11. Bxc4 {37} Qxc5 {123} 12.
O-O {843} Nc6 {204} 13. Ng5 {662} Qf5 {751} 14. Rfd1 {840} Na5 {971} 15. Bxf7+
{536} Qxf7 {24} 16. Qb5 {434} Qf6 {796} 17. Qxa5 {138} e5 {53} 18. Qd5+ {160}
Kh8 {87} 19. Ne4 {185} Qf5 {241} 20. Bg3 {94} Be6 {50} 21. Qd3 {192} Bxa2 {138}
22. Nd6 {163} Qxd3 {86} 23. Rxd3 {6} b5 {89} 24. Rd2 {56} Rfd8 {51} 25. Rcd1 {
91} Bb3 {54} 1-0

[Event "Championnat de France 2022"]
[Site "ALBI"]
[Date "2022.08.14"]
[Round "2.5"]
[White "Ramanantsoa, Stanley"]
[Black "Maxence, Paul"]
[Result "0-1"]
[WhiteElo "1439"]
[BlackElo "1544"]
[PlyCount "113"]
[EventDate "2022.??.??"]

1. d4 {3} Nf6 {3} 2. c4 {9} e6 {6} 3. Nc3 {7} d5 {5} 4. Bg5 {21} Be7 {3} 5. Nf3
{40} h6 {15} 6. Bh4 {27} O-O {49} 7. e3 {17} b6 {60} 8. cxd5 {305} exd5 {76} 9.
h3 {243} Bb7 {162} 10. Bd3 {137} Ne4 {427} 11. Bxe7 {55} Qxe7 {17} 12. O-O {584
} Nd7 {248} 13. Rc1 {799} c5 {660} 14. Bb1 {660} Rfd8 {265} 15. dxc5 {429}
Ndxc5 {12} 16. Nd4 {16} Rac8 {868} 17. Nxe4 {878} dxe4 {104} 18. Qg4 {452} Qg5
{243} 19. Qxg5 {107} hxg5 {10} 20. b3 {61} Ba6 {140} 21. Rfd1 {109} g6 {625}
22. Kh2 {283} Bb7 {641} 23. Kg3 {133} f6 {215} 24. Nb5 {434} Rxd1 {42} 25. Rxd1
{64} a6 {30} 26. Nd6 {13} Rd8 {4} 27. Bc2 {70} Bc6 {80} 28. Nc4 {280} Rxd1 {16}
29. Bxd1 b5 {28} 30. Nb2 {2} Bd5 {51} 31. f3 Kf7 {139} 32. Bc2 f5 {180} 33. b4
{21} Nd7 {122} 34. fxe4 {43} fxe4 {20} 35. a3 {31} Nf6 {32} 36. Nd1 {33} Ke6 {
155} 37. Nc3 {14} Bc6 {253} 38. h4 {44} Kf5 {261} 39. Ne2 {35} gxh4+ {31} 40.
Kxh4 {25} g5+ {10} 41. Kg3 {8} Ke5 {34} 42. Nc3 {57} Bd7 {26} 43. Kf2 {964} Be6
{113} 44. a4 {435} Bc4 {407} 45. axb5 {122} axb5 {405} 46. Ke1 {387} Ng4 {368}
47. Bxe4 {46} Nxe3 {13} 48. Kd2 {27} Nf1+ {28} 49. Ke1 {13} Kd4 {13} 50. Ne2+ {
51} Bxe2 {11} 51. Kxe2 {36} Ng3+ {5} 52. Kf3 {13} Nxe4 {5} 53. Kg4 {47} Kc4 {34
} 54. Kf5 {7} Kxb4 {11} 55. Kxe4 {5} Kc3 {8} 56. Kf5 {15} b4 {9} 57. Ke5 {31}
0-1

[Event "Championnat de France 2022"]
[Site "ALBI"]
[Date "2022.08.15"]
[Round "3.1"]
[White "Falla, Damien"]
[Black "Texier, Cesar"]
[Result "0-1"]
[WhiteElo "1455"]
[BlackElo "1551"]
[PlyCount "45"]
[EventDate "2022.??.??"]

1. e4 c5 2. c4 Nc6 3. Nf3 e5 4. a3 g6 5. d3 Bg7 6. Nc3 Nge7 7. Bg5 O-O 8. Be2
d6 9. Qd2 Bg4 10. h3 Bxf3 11. gxf3 Nd4 12. Qd1 h6 13. Bxe7 Qxe7 14. Nb5 Ne6 15.
Nc3 Nf4 16. Nd5 Nxd5 17. exd5 b5 18. b4 Rfc8 19. Qd2 a5 20. Rb1 axb4 21. axb4
cxb4 22. Qxb4 Ra2 23. Bd1 0-1

[Event "Championnat de France 2022"]
[Site "ALBI"]
[Date "2022.08.15"]
[Round "3.2"]
[White "Desplanque, Christophe"]
[Black "Roche, Philippe"]
[Result "0-1"]
[WhiteElo "1446"]
[BlackElo "1548"]
[PlyCount "74"]
[EventDate "2022.??.??"]

1. c4 {2} e5 {24} 2. Nc3 {9} Nf6 {27} 3. Nf3 {13} Nc6 {40} 4. e4 {50} Be7 {95}
5. d4 {116} exd4 {141} 6. Nxd4 {76} Nxd4 {60} 7. Qxd4 {6} d6 {26} 8. Be2 {193}
O-O {33} 9. O-O {171} Be6 {203} 10. Bf4 {186} Qd7 {186} 11. Rad1 {227} Rfd8 {72
} 12. f3 {219} b6 {191} 13. Nd5 {105} Bxd5 {312} 14. cxd5 {118} Nh5 {542} 15.
Bc1 {305} Bf6 {244} 16. Qe3 {275} g6 {411} 17. g4 {161} Ng7 {158} 18. g5 {159}
Be7 {74} 19. f4 {162} f5 {267} 20. h3 {652} Re8 {180} 21. b3 {130} fxe4 {31}
22. Bg4 {44} Nf5 {58} 23. Qc3 {112} Bf8 {205} 24. Qc2 {626} Rac8 {350} 25. Rfe1
{193} c6 {238} 26. Qb1 {261} cxd5 {211} 27. Rxd5 {153} Qe6 {42} 28. Rd4 {118}
d5 {46} 29. Kh2 {59} Bg7 {255} 30. Ra4 {98} a5 {289} 31. Bb2 {51} Qc6 {428} 32.
Rc1 {80} Qd7 {16} 33. Rxc8 {207} Rxc8 {33} 34. Bxg7 {96} Qxg7 {72} 35. Qd1 {150
} Qb2+ {162} 36. Be2 {66} Ne3 {199} 37. Qe1 {154} Rc2 {17} 0-1

[Event "Championnat de France 2022"]
[Site "ALBI"]
[Date "2022.08.15"]
[Round "3.3"]
[White "Jestin, Hugo"]
[Black "Loquet, Adam"]
[Result "0-1"]
[WhiteElo "1421"]
[BlackElo "1544"]
[PlyCount "78"]
[EventDate "2022.??.??"]

1. d4 {1} Nf6 {7} 2. c4 {15} g6 {7} 3. Nc3 {12} Bg7 {6} 4. e4 {24} d6 {7} 5.
Nf3 {33} O-O {12} 6. Be2 {10} e5 {13} 7. O-O {47} Nc6 {10} 8. d5 {8} Ne7 {5} 9.
Nd2 {37} Nd7 {208} 10. b4 {61} f5 {123} 11. f3 {27} f4 {278} 12. Nb3 {79} g5 {
210} 13. c5 {128} Nf6 {192} 14. a4 {236} Ng6 {296} 15. b5 {296} h5 {389} 16.
cxd6 {225} cxd6 {27} 17. Qe1 {60} g4 {375} 18. Bd2 {469} Rf7 {227} 19. Nd1 {266
} Bf8 {335} 20. Nf2 {314} g3 {278} 21. Nh1 {243} Qb6+ {81} 22. Nf2 {75} gxf2+ {
37} 23. Rxf2 {6} Qd8 {74} 24. a5 {168} h4 {114} 25. Rf1 {114} Nh5 {141} 26. h3
{85} Qg5 {222} 27. Kh2 {41} Rg7 {226} 28. Rf2 {21} Bd7 {400} 29. Rc1 {115} Rc8
{107} 30. Rb1 {134} Qg3+ {236} 31. Kh1 {120} Be7 {215} 32. Bf1 {86} Nh8 {150}
33. Nc1 {51} Qg6 {196} 34. Bd3 {54} Nf7 {80} 35. Ne2 {24} Ng3+ {158} 36. Nxg3 {
102} hxg3 {9} 37. Re2 {23} Qh6 {63} 38. Kg1 {50} Ng5 {43} 39. Kf1 {26} Bxh3 {
144} 0-1

[Event "Championnat de France 2022"]
[Site "ALBI"]
[Date "2022.08.15"]
[Round "3.4"]
[White "Maxence, Paul"]
[Black "Thouard, Axel"]
[Result "1/2-1/2"]
[WhiteElo "1544"]
[BlackElo "1454"]
[PlyCount "71"]
[EventDate "2022.??.??"]

1. d4 {2} d5 {9} 2. c4 {6} c6 {4} 3. Nc3 {10} Nf6 {6} 4. Bg5 {24} dxc4 {7} 5.
a4 {12} Qa5 {49} 6. Bxf6 {40} exf6 {6} 7. e4 {111} Bb4 {11} 8. Qc1 {60} Be6 {53
} 9. Nge2 {71} Nd7 {133} 10. Nf4 {100} Nb6 {8} 11. Be2 {44} O-O-O {81} 12. Qe3
{69} Rd7 {193} 13. O-O {124} g5 {201} 14. Nh5 {262} Be7 {129} 15. Rac1 {708} g4
{104} 16. Nf4 {64} h5 {133} 17. Rfd1 {770} f5 {237} 18. Bf1 {1450} fxe4 {135}
19. Qxe4 {200} Bf5 {246} 20. Qe3 {175} Rhd8 {148} 21. d5 {407} cxd5 {44} 22.
Ncxd5 {73} Nxd5 {11} 23. Nxd5 {23} Rxd5 {7} 24. Rxc4+ {57} Rc5 {560} 25. Qxe7 {
88} Rxc4 {28} 26. Rxd8+ {19} Qxd8 {16} 27. Qxd8+ {4} Kxd8 {13} 28. Bxc4 {5} Ke7
{18} 29. Kf1 {35} a5 {48} 30. Ke1 {35} Be6 {24} 31. Bxe6 {69} Kxe6 {8} 32. Ke2
{8} Kd5 {27} 33. Kd3 {2} f5 {21} 34. g3 {86} b6 {28} 35. b3 {223} Kc5 {66} 36.
Kc3 {1} 1/2-1/2

[Event "Championnat de France 2022"]
[Site "ALBI"]
[Date "2022.08.15"]
[Round "3.5"]
[White "Braule-Debaecker, Emeline"]
[Black "Jarrier, Francis"]
[Result "1-0"]
[WhiteElo "1531"]
[BlackElo "1406"]
[PlyCount "55"]
[EventDate "2022.??.??"]

1. e4 {4} c5 {8} 2. Nc3 {42} d6 {36} 3. f4 {100} g6 {149} 4. Bc4 {233} e6 {54}
5. Nf3 {101} Bg7 {28} 6. d3 {68} Ne7 {130} 7. O-O {61} O-O {182} 8. Qe1 {217}
Nbc6 {79} 9. Qh4 {408} d5 {182} 10. Bb3 {181} a6 {289} 11. f5 {332} exf5 {386}
12. Bh6 {287} Be6 {582} 13. Ng5 {250} Bd4+ {532} 14. Kh1 {296} Be3 {216} 15.
Nxe6 {343} fxe6 {1} 16. Bxe3 {150} c4 {160} 17. dxc4 {144} d4 {20} 18. Rad1 {
123} Kh8 {160} 19. Bh6 {118} Ng8 {480} 20. Bg5 {223} Qc7 {55} 21. Ne2 {148} e5
{222} 22. c3 {554} d3 {537} 23. Rxd3 {174} fxe4 {29} 24. Rxf8 {114} exd3 {133}
25. Bf6+ {51} Qg7 {50} 26. Bxg7+ {7} Kxg7 {6} 27. Rxa8 {24} dxe2 {18} 28. Qe1
1-0

[Event "Championnat de France 2022"]
[Site "ALBI"]
[Date "2022.08.16"]
[Round "4.1"]
[White "Texier, Cesar"]
[Black "Yepez, Horacio"]
[Result "1-0"]
[WhiteElo "1551"]
[BlackElo "1505"]
[PlyCount "65"]
[EventDate "2022.??.??"]

1. e4 {1} c5 {25} 2. Nf3 {8} d6 {23} 3. d4 {6} cxd4 {8} 4. Nxd4 {8} Nf6 {12} 5.
Nc3 {6} e6 {23} 6. Be3 {91} Be7 {17} 7. f3 {86} O-O {18} 8. Qd2 {35} Nc6 {106}
9. O-O-O {27} a6 {7} 10. g4 {122} Nxd4 {69} 11. Bxd4 {80} b5 {21} 12. Kb1 {204}
Bb7 {213} 13. h4 {349} Bc6 {136} 14. h5 {550} b4 {44} 15. Ne2 {17} e5 {35} 16.
Be3 {577} Rc8 {381} 17. Ng3 {98} Ba4 {833} 18. b3 {127} Be8 {10} 19. Nf5 {174}
Rc6 {114} 20. Bh6 {572} Nxe4 {653} 21. fxe4 {76} gxh6 {15} 22. Qxh6 {34} Bf6 {
58} 23. g5 {29} Bh8 {59} 24. g6 {171} fxg6 {25} 25. Rxd6 {106} Rxd6 {1230} 26.
Bc4+ {40} Rf7 {6} 27. hxg6 {59} Rxg6 {13} 28. Qxh7+ {14} Kf8 {8} 29. Qxh8+ {80}
Rg8 {10} 30. Qh6+ {4} Rfg7 {30} 31. Qxg7+ {31} Rxg7 {14} 32. Rh8+ {7} Rg8 {8}
33. Rxg8# {5} 1-0

[Event "Championnat de France 2022"]
[Site "ALBI"]
[Date "2022.08.16"]
[Round "4.2"]
[White "Roche, Philippe"]
[Black "Prochazka, Margot"]
[Result "0-1"]
[WhiteElo "1548"]
[BlackElo "1485"]
[PlyCount "74"]
[EventDate "2022.??.??"]

1. e4 {8} c5 {6} 2. Nf3 {21} Nc6 {31} 3. d4 {12} cxd4 {38} 4. Nxd4 {16} g6 {44}
5. Nc3 {33} Bg7 {47} 6. Be3 {28} Nf6 {106} 7. Be2 {19} d6 {53} 8. O-O {79} O-O
{103} 9. Nb3 {60} Bd7 {299} 10. Qd2 {35} Re8 {189} 11. f4 {47} Rc8 {828} 12.
Kh1 {96} a6 {259} 13. Bf3 {156} Qc7 {847} 14. Qf2 {177} b5 {638} 15. Rad1 {287}
Bg4 {245} 16. Nd5 {120} Nxd5 {94} 17. exd5 {160} Bxf3 {77} 18. gxf3 {67} Nb8 {
154} 19. c3 {47} Nd7 {231} 20. Rfe1 {287} Nf6 {363} 21. Re2 {563} Qb7 {95} 22.
Na5 {73} Qa8 {21} 23. Red2 {112} Bh6 {56} 24. Qh4 {306} Bg7 {101} 25. Qh3 {62}
e6 {331} 26. dxe6 {225} Rxe6 {8} 27. Bd4 {73} Rce8 {50} 28. f5 {205} Re1+ {163}
29. Rxe1 {36} Rxe1+ {5} 30. Kg2 {13} Nh5 {274} 31. Kf2 {168} Qe8 {140} 32. Qg4
{458} Bh6 {125} 33. Rc2 {780} Nf4 {31} 34. fxg6 {336} Re2+ {176} 35. Rxe2 {142}
Qxe2+ {4} 36. Kg3 {141} Qg2+ {10} 37. Kh4 {29} Qxh2+ {10} 0-1

[Event "Championnat de France 2022"]
[Site "ALBI"]
[Date "2022.08.16"]
[Round "4.3"]
[White "Loquet, Adam"]
[Black "Leprince, Solal"]
[Result "1-0"]
[WhiteElo "1544"]
[BlackElo "1474"]
[PlyCount "51"]
[EventDate "2022.??.??"]

1. d4 {2} Nf6 {6} 2. c4 {6} e6 {44} 3. Nc3 {7} Bb4 {52} 4. f3 {16} d5 {136} 5.
a3 {28} Bxc3+ {100} 6. bxc3 {7} O-O {33} 7. cxd5 {68} exd5 {73} 8. e3 {45} b6 {
129} 9. Bd3 {95} Bb7 {82} 10. Ne2 {365} Nbd7 {104} 11. O-O {236} Re8 {209} 12.
Ng3 {368} c5 {176} 13. Ra2 {295} Qc7 {248} 14. Re2 {397} h6 {763} 15. e4 {489}
c4 {298} 16. Bb1 {23} b5 {130} 17. e5 {173} Nh7 {10} 18. Qc2 {103} Nhf8 {146}
19. f4 {304} a5 {164} 20. f5 {329} Qb6 {215} 21. Kh1 {185} b4 {247} 22. f6 {71}
b3 {179} 23. Qf5 {87} g5 {158} 24. Bxg5 {356} Qe6 {222} 25. Qf4 {336} Kh8 {247}
26. Bh4 {223} 1-0

[Event "Championnat de France 2022"]
[Site "ALBI"]
[Date "2022.08.16"]
[Round "4.4"]
[White "Rolland Piegue, Sacha"]
[Black "Braule-Debaecker, Emeline"]
[Result "1-0"]
[WhiteElo "1515"]
[BlackElo "1531"]
[PlyCount "95"]
[EventDate "2022.??.??"]

1. d4 {66985} Nf6 {13} 2. Nf3 {7} g6 {21} 3. e3 {5} Bg7 {33} 4. Bd3 {18} d6 {42
} 5. c3 {16} O-O {59} 6. Nbd2 {97} Nbd7 {181} 7. O-O {74} c5 {240} 8. Ne4 {418}
b6 {315} 9. Ng3 {241} Bb7 {199} 10. e4 {173} Qc8 {1059} 11. Qe2 {42} e6 {453}
12. Bf4 {124} d5 {76} 13. e5 {21} Ne8 {311} 14. Qe3 {31} Ba6 {264} 15. Bxa6 {
101} Qxa6 {9} 16. Bh6 {43} Nc7 {224} 17. Bxg7 {23} Kxg7 {21} 18. Qg5 {118} Rh8
{457} 19. Nh5+ {236} Kg8 {118} 20. Nf6+ {190} Nxf6 {26} 21. Qxf6 {45} h6 {289}
22. h4 {152} Qc8 {322} 23. g4 {74} Qd8 {34} 24. Qf4 {24} Kg7 {125} 25. Rac1 {
378} c4 {120} 26. b3 {175} b5 {77} 27. Kg2 {92} Rf8 {154} 28. g5 {33} h5 {59}
29. Rb1 {167} Rb8 {157} 30. Rb2 {47} Qe7 {51} 31. Rfb1 {47} a6 {66} 32. Nd2 {
110} Rfc8 {89} 33. Kg3 {368} Rb7 {114} 34. Qf3 {60} Rcb8 {41} 35. bxc4 {48}
dxc4 {4} 36. Nxc4 {38} Nd5 {52} 37. Nd6 {143} Rc7 {14} 38. Rb3 {7} Nb6 {87} 39.
Qf6+ {303} Qxf6 {26} 40. gxf6+ {51} Kh6 {67} 41. Ne4 {37} Nd5 {78} 42. a4 {195}
Rbc8 {91} 43. Nc5 {43} bxa4 {40} 44. Ra3 {33} g5 {35} 45. hxg5+ {99} Kxg5 {14}
46. f4+ {66} Nxf4 {99} 47. Ne4+ {14} Kf5 {81} 48. Nd6+ {149} 1-0

[Event "Championnat de France 2022"]
[Site "ALBI"]
[Date "2022.08.16"]
[Round "4.5"]
[White "Quievy, Leopold"]
[Black "Lutz, Matteo"]
[Result "0-1"]
[WhiteElo "1363"]
[BlackElo "1516"]
[PlyCount "80"]
[EventDate "2022.??.??"]

1. d4 {4} d5 {15} 2. Bf4 {20} Nf6 {17} 3. e3 {29} Bf5 {41} 4. c4 {127} c6 {15}
5. Nc3 {54} e6 {49} 6. Nf3 {54} Be7 {47} 7. Qb3 {137} Qb6 {254} 8. c5 {160}
Qxb3 {25} 9. axb3 {7} O-O {457} 10. Be2 {143} Nh5 {61} 11. Bxb8 {172} Rfxb8 {20
} 12. Ne5 {46} Nf6 {286} 13. b4 {161} a6 {55} 14. g4 {295} Bc2 {519} 15. Kd2 {
346} Bb3 {6} 16. Ra3 {70} Bc4 {5} 17. Bxc4 {110} dxc4 {6} 18. Nxc4 {507} Nxg4 {
470} 19. Nb6 {264} Ra7 {6} 20. f3 {72} Nf6 {13} 21. Rha1 {274} Nd5 {92} 22.
Ncxd5 {86} exd5 {11} 23. Kd3 {100} Bd8 {130} 24. Nd7 {254} Rc8 {6} 25. e4 {176}
dxe4+ {327} 26. fxe4 {61} Bc7 {707} 27. Nb6 {338} Bxb6 {16} 28. cxb6 {7} Raa8 {
3} 29. Rc3 {57} Rd8 {114} 30. Rc5 {80} Rd7 {83} 31. Kc4 {129} Re8 {383} 32. Kd3
{514} Red8 {207} 33. Rc4 {52} f6 {62} 34. Rd1 {210} Rd6 {488} 35. Ke3 {222} g6
{660} 36. Rc5 {189} Re8 {388} 37. Kf4 {280} g5+ {76} 38. Kf5 {139} Kf7 {7} 39.
Rc3 {123} h5 {60} 40. h3 {147} Rxd4 {204} 0-1

[Event "Championnat de France 2022"]
[Site "ALBI"]
[Date "2022.08.17"]
[Round "5.1"]
[White "Prochazka, Margot"]
[Black "Texier, Cesar"]
[Result "0-1"]
[WhiteElo "1485"]
[BlackElo "1551"]
[PlyCount "66"]
[EventDate "2022.??.??"]

1. e4 {1} c5 {9} 2. Nc3 {14} Nc6 {6} 3. f4 {33} g6 {10} 4. Nf3 {49} Bg7 5. a3 {
47} e6 {64} 6. Bc4 {244} Nge7 {36} 7. d3 {94} O-O {18} 8. O-O {95} d5 {12} 9.
Ba2 {23} dxe4 {282} 10. Nxe4 {929} b6 {156} 11. Qe1 {278} Nf5 {131} 12. Rb1 {
1243} Nfd4 {986} 13. c3 {345} Nxf3+ {190} 14. Rxf3 {11} Ba6 {64} 15. Qg3 {486}
Ne7 {93} 16. Qh3 {315} Nf5 {79} 17. g4 {239} Nd6 {76} 18. Nxd6 {334} Qxd6 {7}
19. f5 {26} exf5 {70} 20. gxf5 {38} Bb7 {65} 21. fxg6 {174} hxg6 {178} 22. Bf4
{518} Be5 {90} 23. Bxe5 {98} Qxe5 {4} 24. Rxf7 {148} Qg5+ {122} 25. Kf1 {112}
Rxf7+ {13} 26. Bxf7+ {3} Kg7 {21} 27. Ba2 {264} Rf8+ {37} 28. Ke1 {9} Qg1+ {48}
29. Ke2 {42} Rf2+ {57} 30. Ke3 {13} Rf3+ {17} 31. Ke2 {31} Rf2+ 32. Ke3 Rf1+
33. Ke2 {5} Qf2# {15} 0-1

[Event "Championnat de France 2022"]
[Site "ALBI"]
[Date "2022.08.17"]
[Round "5.2"]
[White "Risson, Gaston"]
[Black "Loquet, Adam"]
[Result "0-1"]
[WhiteElo "1367"]
[BlackElo "1544"]
[PlyCount "74"]
[EventDate "2022.??.??"]

1. d4 {2} Nf6 {5} 2. Bf4 {4} c5 {8} 3. c3 {39} Qb6 {68} 4. Qc2 {69} cxd4 {103}
5. cxd4 {31} Nc6 {208} 6. e3 {106} g6 {241} 7. a3 {364} d6 {148} 8. Bd3 {88}
Be6 {534} 9. Nc3 {580} Rc8 {274} 10. b4 {390} a6 {991} 11. Nge2 {716} Bg7 {169}
12. Qd2 {163} O-O {176} 13. O-O {134} Bd7 {207} 14. Bg3 {819} e5 {283} 15. d5 {
96} Ne7 {26} 16. e4 {145} Nh5 {63} 17. a4 {594} Nxg3 {150} 18. hxg3 {5} Kh8 {
368} 19. a5 {210} Qd8 {334} 20. b5 {163} axb5 {286} 21. Nxb5 {30} Bxb5 {31} 22.
Bxb5 {20} f5 {52} 23. a6 {347} bxa6 {119} 24. Bxa6 {34} Rc5 {73} 25. Rfc1 {84}
Rxc1+ {155} 26. Rxc1 {51} fxe4 {44} 27. Bb7 {430} Qb6 {43} 28. Bc6 {19} Qxf2+ {
40} 29. Kh2 {73} Rf5 {121} 30. Bd7 {64} Rh5+ {165} 31. Bh3 {11} Bh6 {246} 32.
Qb2 {396} Bxc1 {148} 33. Qb8+ {2} Kg7 {66} 34. Nxc1 {103} Nf5 {223} 35. Qc7+ {
53} Kh6 {21} 36. Qc3 {38} e3 {56} 37. g4 {14} Rxh3+ {26} 0-1

[Event "Championnat de France 2022"]
[Site "ALBI"]
[Date "2022.08.17"]
[Round "5.3"]
[White "Lutz, Matteo"]
[Black "Rolland Piegue, Sacha"]
[Result "1-0"]
[WhiteElo "1516"]
[BlackElo "1515"]
[PlyCount "49"]
[EventDate "2022.??.??"]

1. c4 {3} c6 {3} 2. d4 {6} d5 {10} 3. Nc3 {9} Nf6 {16} 4. Nf3 {43} e6 {56} 5.
Bg5 {9} Nbd7 {21} 6. e3 {18} Bd6 {12} 7. Rc1 {105} O-O {77} 8. Bd3 {92} Re8 {32
} 9. Qc2 {92} h6 {127} 10. Bh4 {87} dxc4 {190} 11. Bxc4 {11} e5 {47} 12. Qb3 {
180} Qe7 {216} 13. Bg3 {192} b5 {152} 14. dxe5 {1188} Nxe5 {123} 15. Be2 {131}
Be6 {29} 16. Qc2 {113} Bc4 {168} 17. Nxe5 {165} Bxe2 {184} 18. Nxc6 {30} Qc7 {
30} 19. Nxe2 {8} Bxg3 {43} 20. hxg3 {7} Rac8 {70} 21. Ncd4 {6} Qa5+ {10} 22.
Qd2 {19} Qxa2 {45} 23. O-O {9} Ne4 {58} 24. Qb4 {18} a5 {57} 25. Qa3 {237} 1-0

[Event "Championnat de France 2022"]
[Site "ALBI"]
[Date "2022.08.17"]
[Round "5.4"]
[White "Maxence, Paul"]
[Black "Gadois, Arnaud"]
[Result "1-0"]
[WhiteElo "1544"]
[BlackElo "1359"]
[PlyCount "79"]
[EventDate "2022.??.??"]

1. d4 {10} Nf6 {31} 2. c4 {18} e6 {17} 3. g3 {7} d5 {53} 4. Bg2 {40} c6 {180}
5. Qc2 {426} Be7 {180} 6. Nf3 {81} O-O {129} 7. O-O {10} b6 {43} 8. Rd1 {247}
Ba6 {133} 9. b3 {353} Nbd7 {33} 10. Bb2 {395} Rc8 {318} 11. Nbd2 {996} Re8 {422
} 12. e4 {219} Nf8 {132} 13. e5 {440} N6d7 {106} 14. Rac1 {77} f6 {99} 15. Qb1
{924} fxe5 {171} 16. Nxe5 {87} Nxe5 {24} 17. dxe5 {2} Qd7 {41} 18. Ne4 {261}
Qb7 {92} 19. cxd5 {108} cxd5 {153} 20. Nc3 {88} Kh8 {91} 21. a3 {167} Qb8 {77}
22. b4 {125} Bc4 {20} 23. Bf1 {221} b5 {23} 24. Ne2 {32} Bd8 {125} 25. Bd4 {202
} Bb6 {362} 26. Qb2 {114} Ng6 {144} 27. f4 {70} Ne7 {190} 28. Bf2 {66} Bxf2+ {
25} 29. Kxf2 {2} Qb6+ {14} 30. Qd4 {60} Qxd4+ {25} 31. Nxd4 {10} a6 {177} 32.
Nxe6 {124} Nf5 {12} 33. Bh3 {158} Nh6 {54} 34. Ng5 {49} Rc6 {29} 35. Bd7 {16}
Rcc8 {58} 36. Bxc8 {11} Rxc8 {7} 37. Rxd5 {63} Ng4+ {11} 38. Kg1 {27} Bxd5 {67}
39. Rxc8+ {8} Bg8 {8} 40. Nf7# {6} 1-0